[Event "Quebec-ch Intercoll"]
[Site "Longueuil"]
[Date "1994.04.03"]
[Round "6"]
[White "Bergeron, Richard"]
[Black "Vachon, Pierre"]
[Result "0-1"]
[WhiteElo "1508"]
[BlackElo "1711"]
[PlyCount "69"]
[EventDate "1994.04.01"]
[EventType "swiss"]
[EventRounds "6"]
[EventCountry "CAN"]
[SourceTitle "EXT 2022"]
[Source "ChessBase"]
[SourceDate "2021.10.06"]
[SourceVersion "1"]
[SourceVersionDate "2021.10.06"]
[SourceQuality "1"]

1. e4 d6 2. d4 Nf6 3. Nc3 g6 4. Nf3 Bg7 5. Bc4 0-0 6. h3 Nxe4 7. Nxe4 d5 8. Bxd5 Qxd5 9. Nc3 Qe6+ 10. Be3 Qa6 11. Qe2 Qxe2+ 12. Nxe2 Nc6 13. c3 Bf5 14. 0-0 Bd3 15. Rfe1 Ba6 16. Ng3 Rfe8 17. Bf4 Rac8 18. h4 e6 19. h5 Ne7 20. h6 Bh8 21. Re3 Nd5 22. Be5 f6 23. Bxf6 Bxf6 24. Re4 Kf7 25. Rae1 Bd3 26. Rg4 Bf5 27. Nxf5 exf5 28. Rxe8 Rxe8 29. Ng5+ Kg8 30. Rg3 Nf4 31. Re3 Rxe3 32. fxe3 Bxg5 33. exf4 Bxf4 34. Kf2 Bxh6 35. b3 0-1